000 00533nam a2200181Ia 4500
005 20230719091353.0
008 140110s9999 xx 000 0 und d
020 _a9789380262321
_cRs.600.00
040 _aLoreto College
041 _aEnglish
082 _a951
_bTRE
245 _aTreasures of Ancient China
_cArchaeological Survey of India, Govt.of India
260 _aNew Delhi
_bArchaeological Survey of India, Govt.of India
_c[20--]
300 _a300p.
650 _aAncient History - China
850 _aLCLIB
942 _cBK
999 _c37984
_d88463